00411 2200169 4500245004300000020001800043250001100061100001700072650001700089005001900106260003700125041001400162084001300176300003200189336000900221338001100230 aPoor Prince Vol. 2cMorinaga, AlhText a979-9374-63-4 aCet. 1 aMorinaga, Al aKomik Jepang a20230131145921 aJakartabIndorestu Pacificc2003 aIndonesia a741.5592 a... jil. :bilus. ;c17 cm. atext avolume